01423nam a2200349Ia 4500001001200000003000800012006001900020007001500039008004100054010001700095020003900112040002100151035002100172050002800193082001500221100003300236245015000269260005900419300001700478504005100495533015200546600004900698600004100747650002500788651002700813655002900840700001900869700002300888710001700911856012600928999001901054ebr10364962CaPaEBRm u cr cn|||||||||090528s2010 cau sb 001 0 eng d z 2009021938 z9780804761284 (cloth : alk. paper) aCaPaEBRcCaPaEBR a(OCoLC)64787571614aDS734.9.Z428bA4 2010eb04a170.922221 aZhang, Xuecheng,d1738-1801.10aOn ethics and historyh[electronic resource] :bessays and letters of Zhang Xuecheng /ctranslated and with an introduction by Philip J. Ivanhoe. aStanford, Calif. :bStanford University Press,cc2010. aviii, 195 p. aIncludes bibliographical references and index. aElectronic reproduction.bPalo Alto, Calif. :cebrary,d2010.nAvailable via World Wide Web.nAccess may be limited to ebrary affiliated libraries.10aZhang, Xuecheng,d1738-1801vCorrespondence.10aZhang, Xuecheng,d1738-1801xEthics. 0aHistoryxPhilosophy. 0aChinaxHistoriography. 7aElectronic books.2local1 aIvanhoe, P. J.1 aHan, Yu,d768-824.2 aebrary, Inc.40uhttp://site.ebrary.com/lib/rucke/Doc?id=10364962zAn electronic book accessible through the World Wide Web; click to view c218829d218829